| 000 | 01156nam a2200349 c 4500 | ||
|---|---|---|---|
| 001 | 9867 | ||
| 003 | ES-MaCES | ||
| 005 | 20160629131855.0 | ||
| 008 | 991201s1999 be d o000 | fre d | ||
| 035 | _aCES19990018986m | ||
| 040 |
_aES-MaCES _bspa _cES-MaCES |
||
| 110 | 2 |
_92014 _aComisión de las Comunidades Europeas |
|
| 245 | 1 | 0 |
_aProjet de rapport conjoint sur l'emploi 1999 _c(présenté par la Commission) |
| 260 |
_a[Bruxelles?] _b[La Comissión?] _c1999 |
||
| 300 |
_a2 v. (103, 92 p.) _bgráf. bl. y n. _c30 cm |
||
| 500 | _aTít. tomado de la cub. | ||
| 505 | 0 | _aPartie I. L'Union européenne -- Partie II. Les États embres | |
| 541 | _cGratuito | ||
| 650 | 4 |
_aempleo _928299 |
|
| 650 | 4 |
_a1999 _931200 |
|
| 650 | 4 |
_aplan de acción _930406 |
|
| 650 | 4 |
_ainforme _928986 |
|
| 650 | 4 |
_acuadros estadísticos _928890 |
|
| 653 | 1 | 0 | _aEmpleo |
| 650 | 4 |
_928300 _apolítica de empleo |
|
| 650 | 4 |
_929020 _apaís de la UE |
|
| 650 | 4 |
_926752 _aUE |
|
| 787 | 0 |
_tProjet de rapport conjoint sur l'emploi 1998 _w(ES-MaCES)9121 |
|
| 902 | _aDOC Literatura gris | ||
| 942 |
_2CES _cBK _h2.1. |
||
| 999 |
_c9867 _d9867 |
||